[Event "CZE-ch Open 2018"]
[Site "Ostrava"]
[Date "2018.05.02"]
[Round "5"]
[White "Kolar, Stanislav"]
[Black "Mladek, Richard"]
[Result "0-1"]
[WhiteElo "2091"]
[BlackElo "2136"]
[Annotator "NA RC"]
[PlyCount "112"]
[EventDate "2018.??.??"]
[EventCountry "CZE"]
[SourceTitle "playchess.com"]
[Source "ChessBase"]
[SourceQuality "1"]
[TimeControl "40/5400+30:900+30"]

1. c4 {[%emt 0:00:00]} Nf6 {[%emt 0:00:07]} 2. Nf3 {[%emt 0:00:00]} g6 {[%emt 0:00:10]} 3. Nc3 {[%emt 0:00:45]} Bg7 {[%emt 0:00:09]} 4. d4 {[%emt 0:00:21]} O-O {[%emt 0:00:11]} 5. e4 {[%emt 0:00:15]} d6 {[%emt 0:00:04]} 6. Be2 {[%emt 0:00:16]} e5 {[%emt 0:00:06]} 7. dxe5 {[%emt 0:00:12]} dxe5 {[%emt 0:00:11]} 8. Qxd8 {[%emt 0:00:27]} Rxd8 {[%emt 0:00:07]} 9. Bg5 {[%emt 0:00:06]} Re8 {[%emt 0:00:05]} 10. O-O-O {[%emt 0:00:56]} Na6 {[%emt 0:11:17]} 11. h3 {[%emt 0:14:06]} Nc5 {[%emt 0:07:11] E92: King's Indian: Classical: 6 Be2 e5: 7 dxe5, 7 Be3 and Petrosian System without 7...Nbd7} (11... c6 12. Be3 Bf8 13. Bd3 Nc5 14. Bc2 a5 15. Bg5 Bg7 16. Be3 Bf8 17. Bg5 Bg7 18. Be3 Bf8 19. Bg5 Kg7 20. Rd2 h6 21. Be3 Nh5 {½-½ (21) Corrales Jimenez,F (2507)-Hernandez Guerrero,G (2551) Aguascalientes 2007}) 12. Bd3 {[%emt 0:03:24]} Ne6 $146 {[%emt 0:09:28]} ({Predecessor:} 12... b6 13. Bc2 Bb7 14. Rhe1 Ne6 15. Be3 Nh5 16. g3 {½-½ (16) Buchaillot,L (2152)-Koo,O (2245) ICCF email 2015}) 13. Be3 {[%emt 0:01:23]} c6 {[%emt 0:06:59]} 14. Rhe1 {[%emt 0:05:38]} Nd7 {[%emt 0:01:45]} 15. Bf1 {[%emt 0:08:16]} f5 {[%emt 0:04:44]} 16. exf5 {[%emt 0:03:35]} gxf5 {[%emt 0:00:06]} 17. Ng5 {[%emt 0:00:55]} Ndc5 {[%emt 0:04:04]} 18. Nxe6 {[%emt 0:03:57]} Nxe6 {[%emt 0:00:06]} 19. g3 {[%emt 0:01:47]} Nf8 {[%emt 0:02:13]} 20. Kc2 {[%emt 0:05:56]} Be6 {[%emt 0:01:01]} 21. Rd6 {[%emt 0:02:40]} Ng6 {[%emt 0:00:43]} 22. c5 {[%emt 0:01:45]} Kh8 {[%emt 0:02:18]} 23. h4 {[%emt 0:02:14]} f4 {[%emt 0:03:34]} 24. gxf4 {[%emt 0:02:18]} exf4 {[%emt 0:00:24]} 25. Bd4 {[%emt 0:02:16]} Bf5+ {[%emt 0:01:08]} 26. Kd2 {[%emt 0:01:21]} Rxe1 {[%emt 0:11:33]} 27. Kxe1 {[%emt 0:00:02]} Re8+ {[%emt 0:00:14]} 28. Kd2 {[%emt 0:00:17]} Nxh4 {[%emt 0:00:52]} 29. Be2 {[%emt 0:00:15]} Ng6 {[%emt 0:06:44]} 30. Bh5 {[%emt 0:01:37]} Be5 {[%emt 0:02:06]} 31. Ne2 {[%emt 0:02:50]} Kg7 {[%emt 0:09:26]} 32. Nxf4 {[%emt 0:01:15]} Kh6 {[%emt 0:00:24]} 33. Bxe5 {[%emt 0:03:22]} Rxe5 {[%emt 0:00:11]} 34. Be2 {[%emt 0:05:25]} Rxc5 {[%emt 0:01:07]} 35. Bd3 {[%emt 0:03:01]} Bxd3 {[%emt 0:01:45]} 36. Kxd3 {[%emt 0:00:37]} Rf5 {[%emt 0:01:07]} 37. Nxg6 {[%emt 0:00:39]} hxg6 {[%emt 0:00:02]} 38. Ke3 {[%emt 0:00:39]} Re5+ {[%emt 0:01:42]} 39. Kd4 {[%emt 0:06:31]} Re2 {[%emt 0:00:34]} 40. Kc3 {[%emt 0:00:07]} Rxf2 {[%emt 0:17:38]} 41. Rd7 {[%emt 0:15:12]} g5 {[%emt 0:08:01]} 42. Rxb7 {[%emt 0:00:16]} g4 {[%emt 0:00:37]} 43. Rxa7 {[%emt 0:00:40]} g3 {[%emt 0:00:26]} 44. Ra8 {[%emt 0:00:34]} Rf6 {[%emt 0:00:00]} 45. Rh8+ {[%emt 0:00:00]} Kg5 {[%emt 0:00:00]} 46. Rh1 {[%emt 0:00:00]} Kg4 {[%emt 0:00:00]} 47. b4 {[%emt 0:00:00]} g2 {[%emt 0:00:00]} 48. Rg1 {[%emt 0:00:00]} Kg3 {[%emt 0:00:00]} 49. Kc4 {[%emt 0:00:00] [#]} Rf1 $1 {[%emt 0:00:00]} 50. Rxg2+ {[%emt 0:00:00]} Kxg2 {[%emt 0:00:00]} 51. a4 {[%emt 0:00:00]} Kf3 {[%emt 0:00:00]} 52. Kc5 {[%emt 0:00:00]} Rc1+ {[%emt 0:00:00]} 53. Kb6 {[%emt 0:00:00]} Ke4 {[%emt 0:00:39]} 54. a5 {[%emt 0:00:00]} Kd5 {[%emt 0:00:59]} 55. a6 {[%emt 0:00:00]} Ra1 {[%emt 0:01:17]} 56. a7 {[%emt 0:00:00]} Kc4 $11 {[%emt 0:00:09]} (56... Ra4 {mates} 57. b5 c5 58. Kb7 c4 59. a8=Q Rxa8 60. Kxa8 Kc5 61. Ka7 Kxb5 62. Kb7 c3 63. Kc7 c2 64. Kd6 Kc4 65. Ke6 c1=Q 66. Ke5 Qg5+ 67. Kd6 Qf6+ 68. Kc7 Kc5 69. Kd7 Qf7+ 70. Kd8 Kc6 71. Kc8 Qg8#) 0-1

[Event "CZE-ch Open 2018"]
[Site "Ostrava"]
[Date "2018.05.02"]
[Round "5"]
[White "Kana, Pavel"]
[Black "Bures, Martin"]
[Result "1/2-1/2"]
[WhiteElo "2024"]
[BlackElo "2100"]
[Annotator "TA"]
[PlyCount "87"]
[EventDate "2018.??.??"]
[EventCountry "CZE"]
[SourceTitle "playchess.com"]
[Source "ChessBase"]
[SourceQuality "1"]

{[%evp 15,87,44,43,41,48,46,59,61,63,75,70,59,60,44,60,48,52,60,59,67,64,54,90,46,137,135,137,131,131,138,181,137,413,416,476,497,475,278,286,284,268,261,327,299,285,272,291,104,115,118,119,0,21,38,44,0,179,-436,173,174,174,168,169,136,149,55,55,55,58,31,31,31,31,31]} 1. e4 g6 2. d4 Bg7 3. Nf3 a6 4. Be2 d6 5. O-O Nd7 6. Nc3 {B06: Modern Defence} b5 7. a4 (7. Re1 Bb7 8. Bd3 e5 9. d5 Ne7 10. a4 b4 11. Na2 a5 12. c3 bxc3 13. Nxc3 O-O 14. Be3 {0-1 (41) Guseinov,G (2645)-Carlsen,M (2832) chess.com INT 2017}) 7... b4 8. Nd5 a5 {LiveBook: 9 Games} 9. Re1 Ngf6 $146 ({Predecessor:} 9... e6 10. Nf4 Bb7 11. Bc4 Qe7 12. c3 bxc3 13. bxc3 Ba6 14. Qd3 Bxc4 15. Qxc4 {½-½ (39) Bellamine,I (2141)-Goasdoue,V (2180) France 2006}) 10. Bb5 Bb7 11. Nxf6+ $1 exf6 12. c3 O-O 13. Bf4 Re8 14. Nd2 c6 15. Bd3 bxc3 16. bxc3 {aiming for Nc4.} d5 17. Qb3 $36 {[%mdl 2048] White is pushing.} Ra7 18. Rab1 Ba8 19. exd5 {d6 is the strong threat.} Rb7 ({Black should play} 19... Rxe1+ $14 20. Rxe1 cxd5) 20. Rxe8+ $1 $16 Qxe8 21. Qa2 cxd5 22. Bb5 Qe6 23. Kf1 {And now Re1 would win.} g5 $2 {[%mdl 8192]} (23... Qf5 $16) 24. Re1 $18 Qg4 25. Bd6 Nf8 {If Black can now play ...Rb6 this consolidates a bit.} 26. Bc6 (26. h3 $142 Qh5 27. Qxd5) 26... Rb6 27. Bxa8 Rxd6 28. Bxd5 Qh5 29. Kg1 g4 30. Bb3 f5 31. Nc4 $2 (31. Re7 $18 {[%cal Rb3f7] is more deadly.} Ne6 32. Ra7) 31... Rh6 $16 32. h3 $1 gxh3 {[#]} 33. Bd1 (33. Qe2 $1 $16) 33... Qg5 {[%csl Gh3][%cal Rg5g2]} 34. g3 f4 35. Ne5 fxg3 $2 (35... Bxe5 $11 {and Black stays safe.} 36. Rxe5 Qg6) 36. Qxf7+ $18 Kh8 {[#]} 37. Qxf8+ $1 {[%mdl 512]} Bxf8 38. Nf7+ Kg7 {( -> ...h2+)} 39. Nxg5 h2+ 40. Kh1 (40. Kg2 $16 gxf2 41. Rh1) 40... gxf2 $14 {White is slightly better.} 41. Rf1 Rg6 $1 42. Nf3 Rg1+ $1 43. Nxg1 hxg1=Q+ 44. Rxg1+ {Precision: White = 59%, Black = 52%.} 1/2-1/2

[Event "CZE-ch Open 2018"]
[Site "Ostrava"]
[Date "2018.05.03"]
[Round "6"]
[White "Plat, Vojtech"]
[Black "Kraus, Tomas"]
[Result "1/2-1/2"]
[WhiteElo "2566"]
[BlackElo "2429"]
[Annotator "TA"]
[PlyCount "80"]
[EventDate "2018.??.??"]
[EventCountry "CZE"]
[SourceTitle "playchess.com"]
[Source "ChessBase"]
[SourceQuality "1"]

{[%evp 14,80,8,-13,51,51,43,35,32,46,49,33,32,36,33,40,35,33,26,22,28,29,46,21,31,0,0,-28,12,12,26,16,31,35,51,12,31,37,41,36,46,37,77,73,81,79,87,81,95,93,80,80,108,102,111,36,40,24,39,0,0,0,0,0,0,0,0,0,0]} 1. e4 e5 2. Nf3 Nf6 3. d4 Nxe4 4. Bd3 d5 5. dxe5 Be7 6. Be3 {C43: Petroff Defence: 3 d4} Nc5 7. Be2 O-O 8. O-O {LiveBook: 70 Games} Ne6 (8... c6 $11) (8... c6 9. c4 dxc4 10. Bxc4 Qxd1 11. Rxd1 Bg4 12. Bxc5 Bxc5 13. Nc3 Be7 {½-½ (45) Yu,Y (2705)-Wang,H (2710) Shenzhen 2014}) 9. c4 $1 $14 {[%cal Rc4d5]} dxc4 10. Bxc4 Qxd1 $146 ({Predecessor:} 10... c6 11. Nc3 Nd7 12. Qc2 Qc7 13. Ne4 Nb6 {1-0 (59) Gajwa,A (2282)-Fan,H (2223) Bhubaneswar 2016}) 11. Rxd1 Nd7 12. Nc3 Nb6 13. Bb3 Nc5 14. Bxc5 Bxc5 15. Ne4 Be7 16. Rac1 c6 17. Nd6 Rb8 18. Nxc8 (18. h3 {is more complex.} Bd7 19. Re1 a5 20. a3 g6 21. Rcd1) 18... Rfxc8 19. Nd4 g6 20. f4 Rd8 21. Kf2 a6 22. Kf3 c5 23. Ne2 $36 {[%mdl 2048] White has good play.} Kg7 24. Nc3 c4 25. Bc2 f6 26. exf6+ Bxf6 27. Be4 Bxc3 {[#]} 28. Rxd8 $1 Rxd8 29. Rxc3 {[%mdl 4096] Endgame KRB-KRN} Rd2 30. Rc2 Rd7 31. b3 cxb3 32. axb3 Kf6 33. Rc5 Ke6 34. h4 ({White should play} 34. g4 $16) 34... Nd5 35. h5 Nf6 36. hxg6 Nxe4 {[#]The position is equal.} 37. gxh7 $1 {[%mdl 512]} Nd2+ (37... Rxh7 38. Kxe4) 38. Ke2 Rxh7 39. Kxd2 Rg7 40. Kc3 Rxg2 {Precision: White = 57%, Black = 62%.} 1/2-1/2

[Event "CZE-ch Open 2018"]
[Site "Ostrava"]
[Date "2018.05.03"]
[Round "6"]
[White "Cvek, Robert"]
[Black "Vykouk, Jan"]
[Result "1-0"]
[WhiteElo "2505"]
[BlackElo "2426"]
[Annotator "TA"]
[PlyCount "125"]
[EventDate "2018.??.??"]
[EventCountry "CZE"]
[SourceTitle "playchess.com"]
[Source "ChessBase"]
[SourceQuality "1"]

{[%evp 23,125,25,14,0,0,0,0,0,0,0,10,9,4,8,6,0,0,0,0,0,15,4,15,0,19,17,34,35,34,4,14,0,14,12,27,28,34,34,55,40,40,41,81,34,19,16,16,17,44,8,39,8,6,13,6,0,6,6,6,6,6,6,6,6,15,7,14,6,6,6,6,0,20,20,20,12,14,14,14,14,14,14,154,139,93,120,311,237,571,485,4727,4722,11052,10772,29966,29966,29968,29970,29975,29977,29980,29981,29987,29988]} 1. c4 Nf6 2. Nf3 g6 3. g3 Bg7 4. Bg2 O-O 5. O-O b6 6. d4 Bb7 7. Nc3 Ne4 8. Nxe4 Bxe4 9. Bg5 {A50: Queen's Fianchetto Defence (1 d4 Nf6 2 c4 b6)} c5 10. Qd2 cxd4 11. Nxd4 Bxg2 12. Kxg2 d5 {LiveBook: 3 Games} 13. Bh6 {[#]} dxc4 $146 ({Predecessor:} 13... Bxh6 14. Qxh6 dxc4 15. Nf3 f6 16. Qe3 Qe8 17. Rfc1 Qf7 18. Qe4 Nd7 {½-½ (18) Sanders,I (2311)-Van Kampen,R (2617) England 2015}) 14. Bxg7 Kxg7 15. Qc3 {[#] White wants to mate with Nf5+.} e5 16. Nf3 Nc6 17. Qxc4 Rc8 18. Rac1 Nd4 19. Qa6 Nxf3 20. exf3 Rxc1 21. Rxc1 $11 {[%mdl 4096] Endgame KQR-KQR} Qd7 22. h4 h5 23. Rc3 Re8 24. Rd3 Qc7 25. Qa4 Re7 $1 26. Rd2 Qc8 27. Qe4 Qe6 28. Rd5 Kh7 29. b3 Kg7 30. Rd8 f6 31. Qa8 Qf7 32. Rb8 Rd7 33. Qc6 {[#] aiming for Qc8.} Rc7 34. Qd6 Rd7 35. Qb4 Qe7 36. Qa4 Rc7 37. Ra8 Qd7 38. Qb4 {Qf8+ would kill now.} Qe7 39. Qa4 Qd7 40. Qa6 Qe7 41. a4 e4 42. Qe2 exf3+ 43. Qxf3 {Threatening Qd5.} Qe6 44. Kh2 Re7 45. Qf4 Qf5 46. Qxf5 gxf5 {KR-KR} 47. Kg2 f4 48. gxf4 Kg6 49. Kf3 Rc7 50. Ke4 {next f5+ is good for White.} Re7+ 51. Kd5 Kf5 52. Kd6 Re4 (52... Re6+ $11 {keeps the balance.} 53. Kd7 Re4) 53. Rxa7 $16 {Threatens to win with Rb7.} Rxf4 54. Ra6 Rb4 $2 (54... Rxh4 $16 {was necessary.} 55. Rxb6 Rh1) 55. Kc7 Rxb3 $2 (55... Rxh4 {is more resistant.} 56. Rxb6 Re4) 56. Rxb6 $18 Rf3 (56... Ra3 $142 57. Rb4 Ke6) 57. a5 {[%cal Ba4a5,Ba5a6,Ba6a7][%mdl 32]} Rxf2 58. Rb4 Ra2 59. Kb6 {White mates.} Ke6 60. a6 f5 61. a7 Kd6 62. Rb5 f4 63. Ra5 {Precision: White = 59%, Black = 30%.} 1-0

[Event "CZE-ch Open 2018"]
[Site "Ostrava"]
[Date "2018.05.03"]
[Round "6"]
[White "Malinovsky, Karel"]
[Black "Michenka, Jozef"]
[Result "1-0"]
[WhiteElo "2481"]
[BlackElo "2328"]
[Annotator "TA"]
[PlyCount "69"]
[EventDate "2018.??.??"]
[EventCountry "CZE"]
[SourceTitle "playchess.com"]
[Source "ChessBase"]
[SourceQuality "1"]

{[%evp 17,68,46,50,41,49,67,87,99,93,28,70,49,156,154,156,150,161,150,239,237,296,293,330,305,390,272,271,270,252,261,252,241,261,221,361,299,675,691,1502,1453,1213,1936,1579,1535,29991,1282,29992,29993,29997,29998,29998,29999,29999]} 1. e4 c5 2. Nf3 d6 3. d4 cxd4 4. Nxd4 Nf6 5. Nc3 a6 6. h3 Nc6 7. g4 {[%cal Bg2g4,Bg4g5][%mdl 32] B90: Sicilian Najdorf: Unusual White 6th moves, 6 Be3 Ng4 and 6 Be3 e5} Nxd4 8. Qxd4 e5 9. Qd3 Be6 {LiveBook: 12 Games} 10. f4 Rc8 11. g5 Bc4 12. Qf3 {[#] Black must now prevent Bxc4.} Nd7 13. f5 {[#]} (13. Bd2 $16) 13... Be7 $146 ({Predecessor:} 13... Nb6 14. Bxc4 Nxc4 {1-0 (45) Korobov,A (2702)-Negi,P (2641) New Delhi 2012}) 14. h4 Qb6 ({Black should play} 14... h6 $1 $14) 15. Bxc4 $16 Rxc4 16. b3 $36 {[%mdl 2048] Black is under strong pressure.} Rc6 17. Nd5 Qc5 (17... Qd8 $16 {was necessary.}) 18. c3 $18 Bd8 19. a4 Rc8 20. h5 {[%cal Bh4h5,Bh5h6][%mdl 32]} b5 21. h6 g6 22. Be3 Qc6 23. O-O O-O 24. axb5 Qxb5 25. b4 Ra8 (25... Rb8 $142 26. fxg6 hxg6) 26. Rf2 Qb7 $2 (26... a5 27. Qh3 a4 28. fxg6 hxg6) 27. Raf1 a5 28. fxg6 hxg6 29. Qxf7+ Rxf7 30. Rxf7 {[#] White wants to mate with Rg7+.} axb4 31. Rg7+ Kh8 32. Rff7 {White mates.} ({And not} 32. Rf8+ Nxf8 33. Rxb7 bxc3 $11) 32... bxc3 33. Rh7+ Kg8 34. Rfg7+ Kf8 35. Rh8# {Precision: White = 71%, Black = 20%.} 1-0

[Event "CZE-ch Open 2018"]
[Site "Ostrava"]
[Date "2018.05.03"]
[Round "6"]
[White "Haba, Petr"]
[Black "Svoboda, Svatopluk"]
[Result "0-1"]
[WhiteElo "2454"]
[BlackElo "2401"]
[Annotator "TA"]
[PlyCount "76"]
[EventDate "2018.??.??"]
[EventCountry "CZE"]
[SourceTitle "playchess.com"]
[Source "ChessBase"]
[SourceQuality "1"]

{[%evp 15,76,0,0,0,8,0,16,14,25,0,12,23,5,24,19,0,0,0,0,0,0,0,20,0,0,0,0,0,0,0,0,0,0,-37,-45,-18,-16,-25,0,0,15,20,44,-78,-71,-79,-77,-76,-82,-150,-157,-259,-250,-238,-260,-2225,-2187,-12836,-12836,-12837,-12837,-12837,-12837]} 1. e4 c5 2. Nf3 Nc6 3. d4 cxd4 4. Nxd4 g6 5. c4 Bg7 6. Nc2 d6 7. Be2 Be6 {B37: Sicilian: Maroczy Bind with 5...Bg7, sidelines} (7... Nf6 8. Nc3 O-O 9. O-O Be6 10. Bd2 Nd7 11. Rc1 Nc5 12. b4 Bxc3 13. Bxc3 Nxe4 14. Ba1 a5 15. b5 Ne5 16. Qd4 Nf6 17. Ne3 Ned7 18. Bf3 {1-0 (33) Aronian,L (2785)-Flores,D (2579) Doha 2016}) 8. O-O Rc8 {LiveBook: 20 Games} 9. Nba3 Nf6 {The position is equal.} 10. f3 Nd7 11. Rb1 O-O 12. Kh1 $146 ({Predecessor:} 12. Be3 Nc5 13. Qd2 a6 14. Rfc1 b5 15. b3 bxc4 16. Bxc4 {1-0 (41) Lintner,I (2065)-Shkurkin,A (2190) Khanty-Mansiysk 2016}) 12... Nc5 13. b3 f5 14. exf5 $1 Bxf5 15. Bb2 e5 16. Qd2 Qh4 17. Rbd1 Bh6 18. Qe1 $1 {[%cal Re1h4]} Qe7 (18... Qxe1 {is interesting.} 19. Nxe1 a6 20. g4 Be6 21. Rxd6 Rcd8) 19. Nb4 Nxb4 20. Qxb4 a6 21. Nb1 Bc2 22. Rd5 Bf4 23. g3 Bh6 24. Bc1 (24. Qe1 {keeps more tension.} Rce8 25. Nc3 e4 26. f4 Bg7 27. Ba3) 24... Bxc1 25. Rxc1 Bf5 $36 {[%mdl 2048] Black is more active.} (25... e4 $5 26. f4 $8 (26. Rxc2 $2 exf3 27. Nc3 fxe2 $19) 26... Bd3 $11) 26. Qd2 e4 {[%cal Be5e4,Be4d3][%mdl 32] White must now prevent ...exf3.} 27. Qe3 Rce8 {...exf3 is the strong threat.} 28. f4 Nd3 29. Bxd3 (29. Rd1 $14 {stays ahead.}) 29... exd3 $17 30. Qxe7 Rxe7 31. Nc3 Re3 32. Kg2 ({Much worse is} 32. Rxd6 $6 b5 $11) (32. Rd4 $142) 32... Rfe8 $1 33. Rxd6 {[#]} (33. Kg1 $17) 33... Re2+ $1 $19 {[%mdl 512]} 34. Nxe2 Rxe2+ 35. Kf3 $2 {[#]} (35. Kg1 d2 36. Rd8+ Kf7 37. Rf1) 35... h5 $1 {[%csl Gh5][%cal Rf5g4] Black is clearly winning.} 36. g4 Be4+ 37. Kg3 Rg2+ 38. Kh3 Rxg4 {Precision: White = 42%, Black = 78%.} 0-1

[Event "CZE-ch Open 2018"]
[Site "Ostrava"]
[Date "2018.05.03"]
[Round "6"]
[White "Jansa, Vlastimil"]
[Black "Krejci, Jan"]
[Result "1/2-1/2"]
[WhiteElo "2450"]
[BlackElo "2582"]
[Annotator "TA"]
[PlyCount "81"]
[EventDate "2018.??.??"]
[EventCountry "CZE"]
[SourceTitle "playchess.com"]
[Source "ChessBase"]
[SourceQuality "1"]

{[%evp 30,81,27,0,-9,-16,-13,-14,-11,-12,7,0,3,2,4,-5,-10,-10,-6,-6,-7,-6,-6,-6,-6,-18,-12,-16,-7,-38,-10,-10,-11,-40,-4,-39,-22,-37,-47,-66,-31,-48,0,0,0,0,0,0,0,0,0,0,0,0]} 1. e4 e5 2. Nf3 Nc6 3. Bb5 {[%cal Bf1b5,Bb5a4,Ba4b3][%mdl 32]} a6 4. Ba4 Nf6 5. O-O Be7 6. Re1 b5 7. Bb3 d6 8. c3 O-O 9. h3 Bb7 10. d4 Nd7 11. Nbd2 exd4 {C92: Closed Ruy Lopez: 9...Be6, Karpov and Flohr-Zaitsev Variations} 12. cxd4 Bf6 13. Nf1 Na5 14. Bc2 Re8 15. Ng3 (15. Ne3 Bxe4 16. Bd2 Bxc2 17. Qxc2 Nc4 18. Nxc4 Rxe1+ 19. Rxe1 bxc4 20. Qxc4 {½-½ (60) Shankland,S (2671)-Bu,X (2725) Liaocheng 2018}) 15... g6 16. b3 {LiveBook: 12 Games} c5 $1 17. Bb2 Nc6 18. Qd2 Rc8 19. Rad1 cxd4 20. Bb1 $146 Be5 21. Nxd4 Qf6 22. Nge2 Nc5 23. f3 Ne6 24. Nxe6 {[%cal Bd4e6,Be6f4,Bf4d5][%mdl 32] [#] Hoping for Bxe5.} Bxb2 25. N6f4 $1 Ba3 26. Nd5 Qg7 27. Kh2 Ne7 28. Nef4 Qe5 {White must now prevent ...g5.} 29. Kh1 Nxd5 (29... Bxd5 $5 30. Nxd5 Nxd5 31. Qxd5 Qf4 $11) 30. Nxd5 Bxd5 31. Qxd5 Qg3 32. Qd2 {[#]} d5 $1 {[%mdl 512] And now ...Bd6 would win.} 33. f4 (33. Qxd5 Bb2) 33... dxe4 34. Rxe4 Bc5 {[%cal Ba3c5,Bc5e3,Be3d2][%mdl 32]} (34... Red8 $5 35. Qxd8+ Rxd8 36. Rxd8+ Kg7 $15) 35. Rf1 Be3 36. Rxe8+ {The position is equal.} Rxe8 37. Qe1 Qxe1 38. Rxe1 Kf8 39. g3 Bd2 40. Rxe8+ Kxe8 41. Kg2 {Precision: White = 44%, Black = 68%.} 1/2-1/2

[Event "CZE-ch Open 2018"]
[Site "Ostrava"]
[Date "2018.05.03"]
[Round "6"]
[White "Biolek, Richard"]
[Black "Simacek, Pavel"]
[Result "1-0"]
[WhiteElo "2447"]
[BlackElo "2498"]
[Annotator "TA"]
[PlyCount "79"]
[EventDate "2018.??.??"]
[EventCountry "CZE"]
[SourceTitle "playchess.com"]
[Source "ChessBase"]
[SourceQuality "1"]

{[%evp 19,79,32,30,38,34,35,42,45,104,103,87,91,217,57,38,50,52,42,37,39,50,-101,-10,0,0,0,69,72,111,101,260,261,267,255,258,256,324,206,189,198,202,187,798,794,6403,6295,5597,144,5565,5497,29957,29958,29955,29942,6107,1737,29948,6427,7911,7100,6655,6620]} 1. e4 e5 2. Nf3 d6 3. d4 Nf6 4. Nc3 Nbd7 5. Bc4 Be7 6. a4 O-O 7. O-O c6 8. Ba2 Qc7 9. h3 b6 {C41: Philidor Defence} (9... h6 10. Re1 Re8 11. Be3 Nf8 12. d5 Ng6 13. Qd3 Nh5 14. Qc4 c5 15. b4 b6 16. bxc5 bxc5 17. Qb5 {1-0 (49) Puranik,A (2476)-Gagunashvili,M (2588) Subic Bay 2016}) 10. Qe2 Bb7 {LiveBook: 4 Games} 11. Bg5 h6 $146 {White is slightly better.} ({Predecessor:} 11... a6 12. Rad1 b5 13. dxe5 dxe5 14. Nh4 Nc5 15. Nf5 Ne6 16. Bh4 Rad8 17. Rxd8 Bxd8 {½-½ (28) Collins,S (2431)-Escobar Forero,A (2454) Khanty-Mansiysk 2010}) 12. Be3 Rac8 13. dxe5 dxe5 (13... Nxe5 $14 14. a5 bxa5) 14. Nh4 $16 Kh7 15. Nf5 Bb4 {[#]} (15... Bc5 $16) 16. Qf3 $2 (16. Bxh6 $1 $18 {[%mdl 512]} g6 (16... gxh6 17. Qe3) 17. Bxf8 Nxf8 18. Ng3) 16... Bxc3 $14 17. bxc3 $40 {[%mdl 128] And now Bxh6! would win. White attacks.} c5 $1 18. Qg3 {[%csl Gf5][%cal Rg3g7]} Nh5 $1 {[%cal Rh5g3]} 19. Qh4 $1 {[%cal Rh4h5]} Ndf6 20. Bd5 $2 {[#]} (20. f3 $14 {keeps the upper hand.}) 20... Bxd5 ({Better is} 20... Rg8 $1 $17 {Hoping for ...g5.} 21. f4 exf4 22. Bxf4 Nxf4 23. Rxf4 Nxd5 24. exd5 Bxd5) 21. exd5 $11 Qd7 22. g4 Rg8 ({Black should try} 22... Nf4 $11) 23. f3 $1 $14 Rce8 24. c4 Nf4 $2 {[#]} (24... g5 $16 25. Qe1 Nf4) 25. Bxf4 $1 $18 exf4 {[#]} 26. Nxh6 $1 {[%mdl 512]} gxh6 27. Qxf6 Re2 28. Rae1 ({Resist} 28. Qxf4 Kg7 $18) 28... Rge8 29. Rxe2 Rxe2 {[%mdl 4096] Endgame KQR-KQR} 30. Rf2 Re7 $2 (30... Re1+ 31. Kg2 Re8 32. Qxf4 Kg7) 31. g5 h5 32. Rg2 Qe8 33. Qh6+ Kg8 34. g6 {Intending gxf7+ and mate.} fxg6 35. Rxg6+ Qxg6+ 36. Qxg6+ Rg7 37. Qxg7+ Kxg7 {KP-KP} 38. h4 Kf6 39. Kf1 Ke5 40. Ke2 {Precision: White = 76%, Black = 33%.} 1-0